Исследования в области русской просодии (Запись № 1496571)

Подробности
000 -МАРКЕР
контрольное поле 01205nam0a2200325 4500
001 - ИДЕНТИФИКАТОР ЗАПИСИ
контрольное поле RU\NLR\bibl\1454795
005 - ИДЕНТИФИКАТОР ВЕРСИИ
контрольное поле 20250615232858.0
010 ## - МЕЖДУНАРОДНЫЙ СТАНДАРТНЫЙ НОМЕР КНИГИ (ISBN)
Номер (ISBN) 978-5-9551-0368-6
Тираж 800
021 ## - НОМЕР ГОСУДАРСТВЕННОЙ РЕГИСТРАЦИИ
Код страны Российская Федерация
Номер 2009-105141
Номер Листа государственной регистраци 6695
035 ## - ДРУГИЕ СИСТЕМНЫЕ НОМЕРА
Идентификатор записи (NLR Aleph) 001446603
100 ## - ДАННЫЕ ОБЩЕЙ ОБРАБОТКИ
Данные общей обработки 20091218d2009 |||y0rusy50 ca
101 0# - ЯЗЫК РЕСУРСА
Язык текста, звукозаписи и т.д. русский
102 ## - СТРАНА ПУБЛИКАЦИИ ИЛИ ПРОИЗВОДСТВА
Страна публикации Российская Федерация
105 ## - ПОЛЕ КОДИРОВАННЫХ ДАННЫХ: ТЕКСТОВЫЕ МАТЕРИАЛЫ, МОНОГРАФИЧЕСКИЕ
Кодированные данные о монографическом текстовом документе a |||||||||
200 1# - ЗАГЛАВИЕ И СВЕДЕНИЯ ОБ ОТВЕТСТВЕННОСТИ
Основное заглавие Исследования в области русской просодии
Первые сведения об ответственности С.В. Кодзасов
210 ## - ПУБЛИКАЦИЯ, РАСПРОСТРАНЕНИЕ И ДР.
Место издания, распространения и т.д. Москва
Имя издателя, распространителя и т. д. Языки славянских культур
-- Издатель А. Кошелев
Дата издания, распространения и т.д. 2009
215 ## - ФИЗИЧЕСКАЯ ХАРАКТЕРИСТИКА
Специфическое обозначение материала и объем 491 с.
Другие сведения о физической характеристике ил.
Размеры 25
225 1# - СЕРИЯ
Основное заглавие серии Studia philologica
300 ## - ОБЩИЕ ПРИМЕЧАНИЯ
Текст примечания На 4-й с. обл. авт.: д.филол.н. С.В. Кодзасов
320 ## - ПРИМЕЧАНИЯ О НАЛИЧИИ В ДОКУМЕНТЕ БИБЛИОГРАФИИ / УКАЗАТЕЛЯ
Текст примечания Библиогр. в подстроч. примеч.
606 1# - НАИМЕНОВАНИЕ ТЕМЫ КАК ПРЕДМЕТ
Наименование темы Русский язык
Тематический подзаголовок Просодия
Системный номер авторитетной/нормативной записи 1553634
Идентификатор авторитетной/нормативной записи RU\NLR\auth\66979528
686 ## - ИНДЕКСЫ ДРУГИХ КЛАССИФИКАЦИЙ
Индекс Ш141.12-122
700 #1 - ИМЯ ЛИЦА - ПЕРВИЧНАЯ ОТВЕТСТВЕННОСТЬ
Начальный элемент ввода Кодзасов
Часть имени, кроме начального элемента ввода С. В.
Даты 1938-
Расширение инициалов личного имени Сандро Васильевич
Код отношения Автор
801 #0 - ИСТОЧНИК ЗАПИСИ
Страна Российская Федерация
Организация NLR
Дата составления 20091218
Правила каталогизации RCR
801 #1 - ИСТОЧНИК ЗАПИСИ
Страна Российская Федерация
Организация NLR
Дата составления 20091218
830 ## - ОБЩЕЕ ПРИМЕЧАНИЕ, СОСТАВЛЕННОЕ КАТАЛОГИЗАТОРОМ
Текст примечания авт. по кн.
942 ## - ДОПОЛНИТЕЛЬНЫЕ ЭЛЕМЕНТЫ ЗАПИСИ (АБИС)
Тип экземпляра АБИС Книга
980 ## - КОЛЛЕКЦИЯ
Название коллекции Национальная библиография
Экземпляры
Тип экземпляра Дата поступления Источник поступления Стоимость Библиотека постоянного хранения Библиотека текущего хранения Место хранения Шифр хранения Штрих-код Статус экземпляра
Книга 18.12.2009 Покупка 480.00 РНБ (Московский) РНБ (Московский) Русский книжный фонд: издания с 1957 года 2009-7/7122 1-1036952  
Книга 17.02.2010 Обязательный экземпляр   РНБ (Московский) РНБ (Московский) Русский книжный фонд: издания с 1957 года 2009-7/7122 3104395  
Книга 17.02.2010 Обязательный экземпляр 0.00 РНБ (Московский) РНБ (Московский) Фонд общего зала литературы по филологии, педагогике и искусству (гуманитарной литературы) Л1 Ш141.12-1/К-576 1-189647  
Книга 14.07.2017     РНБ (Московский) РНБ (Московский) Обменный фонд обм 2017/302 1-937533 Доставлен в Фoнд
Книга 03.09.2018     РНБ (Московский) РНБ (Московский) Обменный фонд обм 2018/172 1-937856 Доставлен в Фoнд
Книга 18.12.2009 Покупка 480.00 РНБ (Садовая) РНБ (Садовая) Универсальный читальный зал У Ш141.12-1/К-576 1-133854  
Книга 12.11.2014 Покупка 500.00 РНБ (Садовая) РНБ (Садовая) Фонд международного книгообмена   1-686517 Готов к отправке заказом МКО
Книга 14.11.2014 Покупка 557.00 РНБ (Садовая) РНБ (Садовая) Фонд международного книгообмена   1-685299